| 000 | 00424nam a2200133 4500 | ||
|---|---|---|---|
| 008 | 240305b |||||||| |||| 00| 0 eng d | ||
| 082 |
_a303.66 _bAID |
||
| 245 | _aAid, conflct and peacebuilding in Sri Lanka | ||
| 260 |
_aLondon: _bDepartment for International Development, _c2000 |
||
| 300 |
_a78 p., map _bBibliography included |
||
| 650 | _aETHNIC CONFLICT-Sri Lanka | ||
| 650 | _aConflict resolution-Sri Lanka | ||
| 942 | _cRP | ||
| 999 |
_c4840 _d4840 |
||